| 000 | 00749nam#a22002535a#4500 | ||
|---|---|---|---|
| 001 | 2447 | ||
| 008 | 141027s2014####ag############000#0#und#d | ||
| 245 | 1 | 0 |
_aLo mejor del mundo son los niños / _cFernando Pessoa ; ilustraciones de Teresa Novoa ; traducido por Angel Campos Pámparo. |
| 250 | _a1ª edic. | ||
| 260 |
_aBuenos Aires : _bGladir, _c2014. |
||
| 300 |
_a64 p. ; _c21 cm. _bil. col. ; |
||
| 500 | _aPertenece a la colección Juan Gelman. | ||
| 020 | _a9789870606253 | ||
| 100 | 1 | _aPessoa, Fernando. | |
| 700 | 1 |
_aNovoa, Teresa. _4ill |
|
| 700 | 1 |
_aCampos Pámparo, Angel. _4trl |
|
| 080 | _a82-1 | ||
| 084 | _aC38 | ||
| 653 | _aPoesía | ||
| 040 |
_aAR-ClEAG _cAR-ClEAG |
||
| 005 | 20241107184745.0 | ||
| 003 | AR-ClEAG | ||
| 942 | _cBK | ||
| 999 |
_c2447 _d2447 |
||
| 980 |
_62 _aEvangelina Gallicchio _82 _gEvangelina Gallicchio |
||